Score 0/50 Timer 15:00
0 Plays Today
Population City % Correct
174,226 (*)Garden Grove
79.3%
70,685Georgetown
73.2%
51,609Georgetown (charter township)
73.2%
33,660Georgetown
73.2%
8,860Georgetown
73.2%
8,688Georgetown (town)
73.2%
132,631 (*)Sterling Heights
70.7%
84,405 (*)St. George
68.3%
67,067 (*)Bowling Green
68.3%
31,820 (*)Bowling Green
68.3%
68,710Gaithersburg
65.9%
75,634 (*)Arlington Heights (village)
51.2%
14,299Greensburg
41.5%
11,902Greensburg
41.5%
43,296 (*)Egg Harbor (township)
29.3%
29,901 (*)Chicago Heights
26.8%
30,769Galesburg
24.4%
30,472LaGrange
24.4%
29,608 (*)Saratoga Springs
24.4%
28,027 (*)Saratoga Springs
24.4%
15,581 (*)La Grange (village)
24.4%
8,877 (*)La Grange
24.4%
14,362Glasgow
23.2%
36,793 (*)Cottage Grove
22%
10,169 (*)Cottage Grove
22%
Population City % Correct
35,392 (*)Inver Grove Heights
20.7%
34,058 (*)Glendale Heights (village)
19.5%
27,835 (*)Garfield Heights
19.5%
21,177 (*)Little Egg Harbor (township)
18.3%
66,334 (*)Laguna Niguel
17.1%
27,905 (*)Big Spring
17.1%
12,954Orangeburg
17.1%
32,776 (*)Elk Grove Village (village)
15.9%
15,721 (*)Greenwood Village
15.9%
9,962 (*)Glenwood Springs
15.9%
10,687Ogdensburg
12.2%
9,507 (*)Gig Harbor
12.2%
12,002Kingsburg
11%
8,319Gering
11%
14,186 (*)Chicago Ridge (village)
9.8%
11,695Guttenberg (town)
9.8%
15,587 (*)Middleburg Heights
7.3%
13,433 (*)La Grange Park (village)
7.3%
13,084Glenn Heights
6.5%
16,587 (*)Highland Village
6.1%
12,357Tyngsborough (town)
6.1%
10,735 (*)Muskegon Heights
4.9%
9,830 (*)Sugar Grove (village)
4.9%
8,414 (*)Highland Heights
4.9%
8,165 (*)Pingree Grove (village)
3.7%
Remove Ads.
Support Sporcle.
Get the best of Sporcle when you Go Orange. This ad-free experience offers more features, more stats, and more fun while also helping to support Sporcle. Thank you for becoming a member.

You're not logged in!

Compare scores with friends on all Sporcle quizzes.
OR
Log In

Show Comments

Extras

Top Quizzes Today


Score Distribution

Your Account Isn't Verified!

In order to create a playlist on Sporcle, you need to verify the email address you used during registration. Go to your Sporcle Settings to finish the process.

Report this User

Report this user for behavior that violates our Community Guidelines.

Details: